Pokémon - Les attaques de Roserade - Statistiques

Statistiques générales
  • Ce quiz a été pris 16 fois
  • Le résultat moyen est 12 sur 19
Statistiques - réponses
Niveaux Types Noms des attaques % Correct
Départ Plante Vol-Vie
100%
Départ Plante Giga-Sangsue
91%
Départ Plante Méga-Sangsue
91%
Départ Plante Vampigraine
82%
Départ Poison Dard-Venin
73%
Départ Plante Soucigraine
73%
Départ Poison Pics Toxik
64%
Départ Plante Tempête Florale
64%
Départ Poison Toxik
64%
Départ Normal Croissance
55%
Départ Plante Danse Fleurs
55%
Départ Plante Feuille Magik
55%
Départ Plante Para-Spore
55%
Départ Plante Racines
55%
Départ Plante Synthèse
55%
Départ Plante Aromathérapie
45%
Départ Normal Doux Parfum
45%
Départ Plante Champ Herbu
18%
Départ Poison Piège de Venin
18%
Aucun quiz correspondant
Distribution des résultats
% des personnes avec chaque résultat
Percentile par nombre de réponses
Votre historique - résultats
Vous n’avez pas pris ce quiz